V.I.R.U.S Protection : vital information resources under siege

Αποθηκεύτηκε σε:
Λεπτομέρειες βιβλιογραφικής εγγραφής
Κύριος συγγραφέας: Kane, Pamela
Μορφή: Βιβλίο
Γλώσσα:English
Δημοσίευση: New York : Bantam Books, 1989
Θέματα:
Ετικέτες: Προσθήκη ετικέτας
Δεν υπάρχουν, Καταχωρήστε ετικέτα πρώτοι!

MARC

LEADER 00000nam a2200000 i 4500
001 1/41782
008 971125s1989 eng d
020 |a 0-553-34799-3 
035 |a 1997  |c ΔΩΡΕΑ ΤΖΑΦΕΡΗ  |l 10041596 
040 |a GR-MY-UA  |b gre  |e aacr 
041 0 |a eng 
082 0 |a 005.8 
100 1 |a Kane, Pamela. 
245 1 0 |a V.I.R.U.S Protection :  |b vital information resources under siege /  |c Pamela Kane ; foreword by John C. Dvorak ; illustrations by Joseph Barren ; Dr. Panda utilities programmed by Andy Hopkins 
260 |a New York :   |b Bantam Books,   |c 1989 
300 |a xxv, 477 p.;  |b ill.;  |c 24 cm.+  |e 1 computer disk (5 1/4 in.) 
500 |a Includes Dr. Panda Utilities 
500 |a Includes index 
650 0 0 |a Computer viruses. 
852 |a INST  |b SAMOS  |e 19971125  |h 005.8 KAN  |p 005300008446  |q 005300008446  |t BK  |y 0 
852 |a INST  |b SAMOS  |e 19981118  |h 005.8 KAN   |p 005300013817  |q 005300013817  |t BK  |y 0 
901 |a BIBL-1997-2 
909 |a Σ  |b 050409 
909 |a Σ  |b 060489